000 00770nam a2200253Ia 4500
003 OSt
005 20220923222751.0
006 a|||||r|||| 00| 0
007 ta
008 220922b |||||||| |||| 00| 0 hin d
024 _a207,605
037 _cTextual
040 _aARTS
_cARTS
_bhin
041 _2hin
_ahin
082 _aO152,3NMI6x, M1
100 _aमिश्र, गोविन्द
_9156279
245 0 _aअपाहिज
246 _aApāhija
260 _aदिल्ली
_b विद्या प्रका0
_c1981
300 _a130पृ.
_ccm.
650 _aहिन्दी साहित्य
_9156264
942 _hO152,3NMI6x, M1
_cTEXL
_2CC
999 _c358222
_d358222